000
00222 a2200109 4500
020
_a
7706894301799
041
_a
spa
100
_a
Roman Celso
245
_a
Valores Guia para padres y maestros
942
_c
BK
952
_7
1
999
_c
25576
_d
25576